000 00333nam a2200133Ia 4500
005 20260328101524.0
008 260328s9999||||xx |||||||||||||| ||und||
100 _aOrleans, Peter
245 0 _aRace, Change and Urban society /
_cPeter Orleans
260 _bSage Publications
300 _a640 p.
650 _aURBANISMO
942 _cBK
999 _c9713
_d9713